Word Ladder: Amazon Original Thriller Quiz Stats

 Plays Quiz Updated Oct 25, 2018

Score 0/12 Timer 01:30
0 Plays Today
Hint Answer % Correct
Grains in an hourglassSAND
98.8%
What appreciative audiences doCLAP
97.9%
Spoken or utteredSAID
97.1%
A very short piece of a movieCLIP
96.8%
Woman's undergarmentSLIP
95.7%
Lost tractionSLID
93.8%
Made like the TitanicSANK
89.1%
Social unit of the Scottish highlandsCLAN
86.8%
Fire an employeeSACK
71.8%
With last rung, Amazon Prime action heroJACK
55.4%
The C in CMYKCYAN
53.5%
With first rung, Amazon Prime action heroRYAN
48.1%

Today's Daily Dose

Word Ladder
Lean on Me

Get the Picture
Superhero by Villain

You're not logged in!

Compare scores with friends on all Sporcle quizzes.
OR
Log In

Sporcle TV

Today on Sporcle TV


Watch our educational content, quiz creation guides, and fun videos on Sporcle TV.

Show Comments

Extras

Top Quizzes Today


Score Distribution

Your Account Isn't Verified!

In order to create a playlist on Sporcle, you need to verify the email address you used during registration. Go to your Sporcle Settings to finish the process.

Report this User

Report this user for behavior that violates our Community Guidelines.

Details: